| 000 | 00816nam a2200229 i 4500 | ||
|---|---|---|---|
| 001 | 91713 | ||
| 003 | ES-MaACL | ||
| 005 | 20250809063510.0 | ||
| 007 | t| | ||
| 008 | 050208s1988 sp |||| | spa d | ||
| 080 | _a027.1(=927)(460.313 Gandía) | ||
| 100 | 1 |
_aVilar, Juan Bautista, _d1941-2018 _9114797 |
|
| 245 | 1 | 0 |
_aHallazgo de una biblioteca morisca en Potríes (Gandía) en 1789 / _cJuan Bautista Vilar. |
| 260 |
_aAlicante : _bUniversidad de Alicante, _c1988. |
||
| 300 |
_aP. 147-152 ; _c25 cm. |
||
| 595 | _aSeparata de: Sharq Al-Ándalus: estudios árabes, n. 5, 1988. | ||
| 650 | 4 |
_aBibliotecas- _zValencia (Provincia) _9170826 |
|
| 650 | 4 |
_aBibliotecas privadas- _zAl-Andalus. _9153097 |
|
| 710 | 2 |
_aUniversidad de Alicante _97138 |
|
| 852 |
_aES-MaACL _j2186-F-19 |
||
| 999 |
_c91713 _d91713 |
||